| Tag |
First Indicator |
Second Indicator |
Subfields |
| LEADER |
00000cam a2200000 i 4500 |
| 001 |
in00001363607 |
| 005 |
20151006075000.0 |
| 008 |
800806r19801884miua a 000 1 eng d |
| 035 |
|
|
|a (OCoLC)06592110
|
| 035 |
|
|
|9 AHJ0243AM
|
| 037 |
|
|
|a CL0054000003
|b University Microfilms International
|
| 037 |
|
|
|b University Microfilms International, 300 N. Zeeb Rd., Ann Arbor, MI 48106
|
| 040 |
|
|
|a UMI
|c UMI
|d UtOrBLW
|
| 049 |
|
|
|a TXAI
|
| 090 |
|
|
|a PS1056.B35
|b S57 1884
|
| 099 |
|
|
|a film
|a B
|a 3866
|
| 100 |
1 |
|
|a Badger, Jos. E.
|q (Joseph Edward),
|d 1848-1909.
|
| 245 |
1 |
0 |
|a Sleek Sam, the Devil of the mines :
|b or, The Sons of the fiery cross /
|c by Joseph E. Badger, Jr.
|
| 264 |
|
1 |
|a New York :
|b Beadle & Adams,
|c 1884.
|
| 300 |
|
|
|a 29 pages :
|b illustrations
|
| 336 |
|
|
|a text
|b txt
|2 rdacontent
|
| 337 |
|
|
|a microform
|b h
|2 rdamedia
|
| 338 |
|
|
|a microfilm reel
|b hd
|2 rdacarrier
|
| 490 |
1 |
|
|a Beadle's New York dime library ;
|v no. 283
|
| 500 |
|
|
|a Microfilm. Ann Arbor, Mich. : University Microfilms International, 1980. -- 1 reel ; 35 mm. -- (Dime novels ; Unit 3 ; 283-DL : reel 31:34).
|
| 500 |
|
|
|a Microform.
|
| 830 |
|
0 |
|a Beadle's New York dime library ;
|v no. 283.
|
| 830 |
|
0 |
|a Beadle's dime novels ;
|v DL-283.
|
| 999 |
|
|
|a MARS
|
| 999 |
f |
f |
|s 74154032-b527-3c0e-a551-02b0d848f091
|i d95f4032-ac91-3bec-a694-8806e57a1e60
|t 0
|
| 952 |
f |
f |
|p default
|a Texas A&M University
|b College Station
|c Sterling C. Evans Library
|d Evans: Microforms (3rd floor)
|t 0
|e film B 3866 reel 31:34
|h Other scheme
|i microform -- microfilm reel
|
| 998 |
f |
f |
|a film B 3866 reel 31:34
|t 0
|l Evans: Microforms (3rd floor)
|